logo

Bir Sreshtho Munshi Abdur Rouf Library
Jhenaidah Cadet College

ওথেলো / (Record no. 3132)

MARC details
000 -LEADER
fixed length control field 00575nam a2200205 a 4500
003 - CONTROL NUMBER IDENTIFIER
JCCL marc code BD-JhCC
005 - DATE AND TIME OF LATEST TRANSACTION
control field 20171111111628.0
008 - FIXED-LENGTH DATA ELEMENTS--GENERAL INFORMATION
fixed length control field 171111s1981 bg ||||| |||| 00| 0 ben d
020 ## - INTERNATIONAL STANDARD BOOK NUMBER
International Standard Book Number 9844101018
035 ## - SYSTEM CONTROL NUMBER
system control number (BD-JhCC)
040 ## - CATALOGING SOURCE
Original cataloging agency BD-JhCC
Modifying agency BD-JhCC
041 ## - LANGUAGE CODE
Language code of Book ben
082 ## - DEWEY DECIMAL CLASSIFICATION NUMBER
Classification number 822.33
Author mark and Year SHK 1981
100 ## - MAIN ENTRY--PERSONAL NAME
Personal name শেক্সপীয়র, উইলিয়াম
245 ## - TITLE STATEMENT
Title ওথেলো /
Statement of responsibility, etc উইলিয়াম শেক্সপীয়র
300 ## - PHYSICAL DESCRIPTION
Pagination 138 p. :
Other physical details ill ;
Dimensions 21 cm.
650 ## - SUBJECT ADDED ENTRY--TOPICAL TERM
Topical term or geographic name as entry element Bengali Drama
942 ## - ADDED ENTRY ELEMENTS (KOHA)
Source of classification or shelving scheme Dewey Decimal Classification
Koha item type Books

No items available.


JCC Library | Contacts | JCC Home

Last Update on 23 September 2017
Copyright @ 2017-2020 JCC Rouf Library
Rouf Library, Jhenidah Cadet College (JCC), Bangladesh